• 首页
  • 本馆介绍
  • 公告通知
  • 最新文献
  • 馆藏检索
  • 电子资源
  • 读者导购
  • 参考咨询
  • 我的图书馆
  • 登录
  • 详细信息显示
  • 放入我的书架
  • 预约/预借图书
  • 作者相关作品
  • 分类相关作品
  • 丛书相关作品
  • 出版社相关作品

书目信息

  • 表格格式
  • 工作单格式
  • 卡片格式
题名:
农业节水灌溉技术及应用实例
    
 
作者: 崔毅 主编
分册:  
出版信息: 北京   化学工业出版社  2005
页数: 519页
开本: 26cm
丛书名:
单 册:
中图分类: S275
科图分类:
主题词: 农田灌溉--节约用水 , 农田灌溉 , 节约用水
电子资源:
ISBN: 7-5025-6654-6
000 00850nam0 2200253 450
001 012007042795
005 20070522171008.46
010    @a7-5025-6654-6@dCNY68.00
100    @a20050415d2005 km y0chiy0120 ea
101 0  @achi
102    @aCN@b110000
105    @aa z 000yy
106    @ar
200 1  @a农业节水灌溉技术及应用实例@Anong ye jie shui guan gai ji shu ji ying yong shi li@f崔毅主编@Fcui yi zhu bian
210    @a北京@c化学工业出版社@d2005
215    @a519页@c图@d26cm
330    @a本书内容涵盖我国水资源的自然分布状况,农业用水现状,对农业用水的管理,各种节水农业技术及设施化节水灌溉技术以及农业节水灌溉用设备和部分应用实例。
606 0  @a农田灌溉@x节约用水
606 0  @a农田灌溉
606 0  @a节约用水
690    @aS275@v4
701  0 @a崔毅@Acui yi@c(农业节水)@4主编
801  0 @aCN@bRULIN@c20070522
905    @dS275@e40@s10
    
    农业节水灌溉技术及应用实例/崔毅主编.-北京:化学工业出版社,2005
    519页:图;26cm
    
    
    ISBN 7-5025-6654-6:CNY68.00
    本书内容涵盖我国水资源的自然分布状况,农业用水现状,对农业用水的管理,各种节水农业技术及设施化节水灌溉技术以及农业节水灌溉用设备和部分应用实例。
●
相关链接 在E读中查询图书 在五车中查询图书 在当当中查询图书 在豆瓣中查询图书


正题名:农业节水灌溉技术及应用实例     索取号:S275/40         预约/预借

序号 登录号 条形码 馆藏地/架位号 状态 备注
1 0573969   205739691   第二样本阅览室/ [索取号:S275/40] 在馆    
2 0573970   205739708   第三借阅区/ [索取号:S275/40] 在馆    
3 0573971   205739717   第三借阅区/ [索取号:S275/40] 在馆    
4 0573972   205739726   第三借阅区/ [索取号:S275/40] 在馆    
5 0573973   205739735   第三借阅区/ [索取号:S275/40] 在馆    
6 0573974   205739744   第三借阅区/ [索取号:S275/40] 在馆    
7 0573975   205739753   第三借阅区/ [索取号:S275/40] 在馆    
8 0573976   205739762   第三借阅区/ [索取号:S275/40] 在馆    
9 0573977   205739771   第三借阅区/ [索取号:S275/40] 在馆    
10 0573978   205739780   第三借阅区/ [索取号:S275/40] 在馆    
唐山师范学院图书馆 欢迎您!
大连网信软件有限公司© 版权所有